000 00948nam a22002537a 4500
003 OSt
005 20230103133226.0
008 230103b |||||||| |||| 00| 0 eng d
020 _a0028224388 (teacher's wraparound ed.)
020 _a0028224337 (student ed.)
040 _aDLC
_cKMU
043 _an-us---
050 0 0 _aE661
_b.R576 1999
100 1 _aRitchie, Donald A.,
_d1945-
245 1 0 _aAmerican history :
_bthe modern era since 1865 /
_cDonald A. Ritchie.
250 _aTeacher's wraparound ed., multimedia ed.
260 _aNew York :
_bGlencoe/McGraw-Hill,
_cc1999.
300 _a87, xxviii-xxxviii, 918 p. :
_bill. (some col.), col. maps ;
_c30 cm.
504 _aIncludes bibliographical references and index.
651 0 _aUnited States
_xHistory
_y1865-
906 _a7
_bcbc
_corignew
_d2
_encip
_f19
_gy-gencatlg
942 _2lcc
_cBK
_n0
999 _c53
_d53